| 000 | 00000nas##2200000za#4500 |
|---|---|
| 001 | 9.509547 |
| 003 | CaOODSP |
| 005 | 20210615082524 |
| 007 | ta |
| 008 | 150406c1999||||xxc|| m #||||f| |0fre|d |
| 022 | |a1188-4495 |
| 040 | |aCaOODSP|bfre |
| 041 | |aeng |
| 041 | |afre |
| 043 | |an-cn--- |
| 086 | 1 |aNH18-22 |
| 110 | 2 |aSociété canadienne d'hypothèques et de logement. |
| 245 | 13|aLe point en recherche; série technique |
| 260 | |aOttawa - Ontario : |bSociété canadienne d'hypothèques et de logement |
| 563 | |aDépliant |
| 791 | |tResearch Highlights; technical series |eeng|w(CaOODSP)9.509546 |